Statistiken für Die teuersten Fußballtransfers - Mittelfeldspieler

Klicken Sie hier um das Quiz zu spielen!

Allgemein

  • Dieses Quiz wurde 52 mal gespielt
  • Das Durchschnittsergebnis liegt bei 9 aus 10

Antwortstatistiken

Ablöse (M €)SaisonNationalitätAbgebender VereinAufnehmender VereinSpieler% Korrekt
86,002019-2020NetherlandsAjaxFC BarcelonaFrenkie de Jong
100%
103,002023-2024EnglandBorussia DortmundReal MadridJude Bellingham
100%
80,002020-2021GermanyBayer LeverkusenFC ChelseaKai Havertz
100%
116,602023-2024EnglandWest Ham UnitedFC ArsenalDeclan Rice
98%
105,002016-2017FranceJuventus TurinManchester UnitedPaul Pogba
98%
135,002017-2018BrazilFC LiverpoolFC BarcelonaPhilippe Coutinho
96%
121,002022-2023ArgentinaBenficaFC ChelseaEnzo Fernández
92%
80,002022-2023FranceAS MonacoReal MadridAurélien Tchouaméni
90%
116,002023-2024EcuadorBrightonFC ChelseaMoisés Caicedo
84%
80,602020-2021BrazilFC BarcelonaJuventus TurinArthur Melo
47%

Verteilung der Resultate

Perzentil nach korrekt beantworteten Fragen

Anzahl Personen mit jedem Resultat

Ihre Resultats-Entwicklung

Sie haben dieses Quiz noch nicht gespielt